[Event "GBR-ch 95th"]
[Site "Liverpool"]
[Date "2008.07.29"]
[Round "2"]
[White "Shaw, Peter"]
[Black "Berry, Stephen H"]
[Result "1/2-1/2"]
[WhiteElo "2127"]
[BlackElo "2363"]
[PlyCount "112"]
[EventDate "2008.07.28"]
[EventType "swiss"]
[EventRounds "11"]
[EventCountry "ENG"]
[SourceTitle "CBM 125 Extra"]
[Source "ChessBase"]
[SourceDate "2008.09.01"]
[SourceVersion "1"]
[SourceVersionDate "2008.09.01"]
[SourceQuality "1"]

1. d4 Nf6 2. c4 e6 3. Nc3 Bb4 4. Qc2 Nc6 5. Nf3 d6 6. a3 Bxc3+ 7. Qxc3 a5 8. b3
O-O 9. Bb2 Re8 10. g3 e5 11. d5 Ne7 12. Nd2 Ng6 13. Bg2 Nd7 14. e4 Nc5 15. O-O
f5 16. f4 Rf8 17. h4 h5 18. Bf3 fxe4 19. Bxh5 Bf5 20. Bxg6 Bxg6 21. fxe5 dxe5
22. Qxe5 Qd7 23. Qg5 Bf5 24. Bd4 Ne6 25. Qe3 Nxd4 26. Qxd4 Rae8 27. Qe3 c6 28.
dxc6 Qxc6 29. Rf4 Bg6 30. Re1 Rxf4 31. Qxf4 Qc5+ 32. Qe3 Qxa3 33. Qd4 Qb4 34.
Re3 a4 35. bxa4 Qxa4 36. Nf1 Qc6 37. Rb3 Kh7 38. Ne3 Rf8 39. Qd5 Qf6 40. Qd2
Qe5 41. Ng2 Qc5+ 42. Qe3 Qxc4 43. Nf4 Rf7 44. Rc3 Qa6 45. Qc5 Qf6 46. Kg2 Bf5
47. Kh2 Rd7 48. Qe3 Qe5 49. Kg1 Bg4 50. Kf2 b5 51. Qc5 Qxc5+ 52. Rxc5 Rb7 53.
Ke3 b4 54. Rc2 Bf3 55. Ne2 Bh5 56. Rb2 Kg8 1/2-1/2

[Event "Surrey open"]
[Site "Sutton"]
[Date "2009.04.10"]
[Round "1.2"]
[White "Hart, David PO"]
[Black "Berry, Stephen H"]
[Result "0-1"]
[WhiteElo "2029"]
[BlackElo "2316"]
[PlyCount "90"]
[EventDate "2009.04.??"]
[EventType "swiss"]
[EventRounds "7"]
[EventCountry "ENG"]

1. e4 e5 2. Nf3 Nc6 3. Bb5 a6 4. Ba4 d6 5. c3 Bd7 6. d4 Nge7 7. O-O Ng6 8. Re1
Be7 9. Nbd2 h6 10. Nf1 O-O 11. Ne3 Bg5 12. Nxg5 hxg5 13. Nd5 g4 14. Be3 b5 15.
Bc2 Nce7 16. Nxe7+ Qxe7 17. a4 Rfb8 18. Qd2 Qe8 19. Ra2 bxa4 20. Rea1 exd4 21.
Bxd4 Bb5 22. Bxa4 Qxe4 23. Bc2 Qf4 24. Qxf4 Nxf4 25. Be4 d5 26. Bf5 Ne2+ 27.
Kh1 Nxd4 28. cxd4 Bc4 29. Ra5 Rxb2 30. Bxg4 Rab8 31. h3 Rxf2 32. Rc5 Rbb2 33.
Bf3 Bf1 34. Bxd5 Bxg2+ 35. Bxg2 Rxg2 36. Rxc7 Rh2+ 37. Kg1 Rbg2+ 38. Kf1 Rd2
39. Kg1 Rxh3 40. Rxa6 Rg3+ 41. Kf1 Rf3+ 42. Ke1 Rxd4 43. Ke2 Rf5 44. Ra8+ Kh7
45. Raa7 Rdf4 0-1

[Event "Surrey open"]
[Site "Sutton"]
[Date "2009.04.10"]
[Round "2.2"]
[White "Berry, Stephen H"]
[Black "Adair, James"]
[Result "1-0"]
[WhiteElo "2316"]
[BlackElo "2098"]
[PlyCount "71"]
[EventDate "2009.04.??"]
[EventType "swiss"]
[EventRounds "7"]
[EventCountry "ENG"]

1. e4 c5 2. Nf3 d6 3. Bc4 Nf6 4. d3 e6 5. O-O Be7 6. Bb3 O-O 7. Nbd2 Nc6 8. c3
e5 9. Nc4 Be6 10. Ng5 Bg4 11. f3 Bh5 12. Ne3 Bg6 13. Nh3 Qd7 14. a3 Bd8 15. Kh1
Ne7 16. f4 Bh5 17. Qe1 Bg4 18. Nxg4 Nxg4 19. Qg3 exf4 20. Bxf4 Ng6 21. Bg5 Bc7
22. Bd5 h6 23. Rf5 hxg5 24. Qxg4 Ne7 25. Nxg5 Nxf5 26. Qh3 Ng3+ 27. Qxg3 Bd8
28. Nxf7 Rxf7 29. Rf1 Bc7 30. Rxf7 Qxf7 31. Bxf7+ Kxf7 32. Qg4 Rf8 33. Kg1 Re8
34. Qf4+ Ke7 35. Qg5+ Kf7 36. Qd5+ 1-0

[Event "Surrey open"]
[Site "Sutton"]
[Date "2009.04.11"]
[Round "3.1"]
[White "Hodgson, John H"]
[Black "Berry, Stephen H"]
[Result "0-1"]
[WhiteElo "2185"]
[BlackElo "2316"]
[PlyCount "61"]
[EventDate "2009.04.??"]
[EventType "swiss"]
[EventRounds "7"]
[EventCountry "ENG"]

1. e4 e5 2. Nf3 d6 3. d4 exd4 4. Nxd4 Nf6 5. Nc3 Be7 6. Bf4 O-O 7. Qd2 d5 8.
Ndb5 Bb4 9. O-O-O c6 10. Nc7 Nxe4 11. Qe3 Nxc3 12. bxc3 Ba3+ 13. Kd2 Nd7 14.
Nxa8 Bc5 15. Qg3 Nf6 16. Bd3 Nh5 17. Qg5 Nxf4 18. Qxf4 Bd6 19. Qa4 Qg5+ 20. Ke2
Bg4+ 21. f3 Bd7 22. Kf1 Rxa8 23. Qd4 Bc7 24. h4 Qg3 25. Qf2 Qd6 26. g4 Bb6 27.
Qd2 Qg3 28. Qg2 Qf4 29. Rh3 h5 30. Qg3 Qf6 31. g5 0-1

[Event "Surrey open"]
[Site "Sutton"]
[Date "2009.04.11"]
[Round "4.1"]
[White "Berry, Stephen H"]
[Black "Tymrakiewicz, Rafal"]
[Result "1/2-1/2"]
[WhiteElo "2316"]
[BlackElo "2264"]
[PlyCount "82"]
[EventDate "2009.04.??"]
[EventType "swiss"]
[EventRounds "7"]
[EventCountry "ENG"]

1. e4 Nf6 2. e5 Nd5 3. d4 d6 4. c4 Nb6 5. exd6 cxd6 6. Nc3 g6 7. Bd3 Bg7 8.
Nge2 Nc6 9. d5 Ne5 10. b3 e6 11. dxe6 Bxe6 12. O-O O-O 13. Ba3 Re8 14. Be4 Bxc4
15. bxc4 Nexc4 16. Bxb7 Rb8 17. Ba6 Nxa3 18. Rc1 Nac4 19. Nd5 Nb2 20. Qd2 Nxd5
21. Qxd5 Re5 22. Qf3 Rf5 23. Qe3 Re5 24. Qf3 Rf5 25. Qe3 Qb6 26. Qxb6 axb6 27.
Rc7 Rc5 28. Rc1 Re8 29. Kf1 Kf8 30. g3 Re7 31. Rc8+ Re8 32. Rc7 g5 33. Rc6 Rb8
34. Rxd6 Rxc1+ 35. Nxc1 Na4 36. Nd3 Nc5 37. Bb5 Ke7 38. Rc6 Nxd3 39. Bxd3 Bd4
40. Rc7+ Kf6 41. Bc4 Rf8 1/2-1/2

[Event "Surrey open"]
[Site "Sutton"]
[Date "2009.04.12"]
[Round "6"]
[White "Berry, Stephen H"]
[Black "De Coverly, Roger D"]
[Result "1/2-1/2"]
[WhiteElo "2315"]
[BlackElo "2070"]
[PlyCount "68"]
[EventDate "2009.04.??"]
[EventType "swiss"]
[EventRounds "7"]
[EventCountry "ENG"]

1. c4 Nf6 2. Nc3 g6 3. g3 Bg7 4. Bg2 d6 5. e3 O-O 6. Nge2 e5 7. d4 Nc6 8. O-O
a6 9. b3 Rb8 10. Bb2 Bg4 11. h3 exd4 12. hxg4 dxc3 13. Nxc3 h5 14. gxh5 Nxh5
15. Qd2 Ne5 16. Rad1 Qc8 17. Qe2 Re8 18. Nd5 b5 19. cxb5 axb5 20. Nf4 Nxf4 21.
gxf4 Nd7 22. Bxg7 Kxg7 23. Rd5 b4 24. Rg5 Qd8 25. Rc1 Nc5 26. Qd2 Qf6 27. Rg3
Re7 28. Qc2 Rh8 29. Rd1 Ree8 30. Qc4 Rb8 31. Kf1 Rh2 32. Kg1 Rh4 33. Qd4 Rb6
34. Qd2 Rh5 {Source: Roger de Coverly, 16 Jan 2019} 1/2-1/2

[Event "Surrey open"]
[Site "Sutton"]
[Date "2009.04.13"]
[Round "7.2"]
[White "Buckley, Graeme N"]
[Black "Berry, Stephen H"]
[Result "1-0"]
[WhiteElo "2395"]
[BlackElo "2316"]
[PlyCount "121"]
[EventDate "2009.04.??"]
[EventType "swiss"]
[EventRounds "7"]
[EventCountry "ENG"]

1. d4 Nf6 2. c4 e6 3. Nc3 Bb4 4. e3 O-O 5. Bd3 d5 6. Nf3 c5 7. O-O Nc6 8. a3
Bxc3 9. bxc3 dxc4 10. Bxc4 Qc7 11. Qe2 e5 12. h3 cxd4 13. cxd4 exd4 14. exd4
Re8 15. Be3 Be6 16. Rfc1 Qd6 17. Rab1 Bxc4 18. Qxc4 Nd5 19. Qc5 Qd7 20. Rb3
Rac8 21. Qb5 b6 22. Rd1 Qd6 23. Rbd3 f6 24. Bd2 a5 25. Qb3 Kh8 26. Ne5 Qe6 27.
Nc4 Nce7 28. Rb1 Qc6 29. Rc1 h6 30. Rf3 a4 31. Qd3 b5 32. Ne3 Qd7 33. Rb1 Rb8
34. Ng4 Rf8 35. Re1 Rbe8 36. Rb1 Rb8 37. Rb2 Qe8 38. Ne3 Qd7 39. Rc2 Rbc8 40.
Rc5 Rxc5 41. dxc5 Rd8 42. Ba5 Rc8 43. Nxd5 Nxd5 44. Qd4 Qc6 45. Rd3 Ne7 46. Qg4
Rg8 47. Bb4 Nd5 48. Bd2 Ne7 49. Qd7 Re8 50. Qg4 Rg8 51. Qh5 Qe4 52. Rd7 Nc6 53.
Be3 Ne5 54. Rd4 Qb1+ 55. Kh2 Kh7 56. f4 Ng6 57. f5 Ne5 58. Rh4 Qd3 59. Bxh6
Nf3+ 60. Qxf3 Qxf3 61. Bc1+ 1-0

[Event "Paignton Premier"]
[Site "Paignton"]
[Date "2009.09.06"]
[Round "1"]
[White "Gregory, Keith D"]
[Black "Berry, Stephen H"]
[Result "1/2-1/2"]
[WhiteElo "2056"]
[BlackElo "2315"]
[PlyCount "51"]
[EventDate "2009.09.06"]
[EventType "swiss"]
[EventRounds "7"]
[EventCountry "ENG"]
[SourceTitle "CBM 132 Extra"]
[Source "ChessBase"]
[SourceDate "2009.11.03"]
[SourceVersion "1"]
[SourceVersionDate "2009.11.03"]
[SourceQuality "1"]

1. Nf3 d6 2. c4 e5 3. g3 f5 4. Bg2 Nf6 5. O-O Be7 6. d3 O-O 7. Nc3 Kh8 8. Ne1
Qe8 9. Nc2 Nc6 10. b4 Nd8 11. a4 Ne6 12. b5 f4 13. e3 Qg6 14. exf4 exf4 15. Re1
Ng4 16. Ne4 Ne5 17. Nb4 Bf6 18. Ra2 fxg3 19. hxg3 Ng4 20. Nxf6 Nxf6 21. Nd5
Nxd5 22. cxd5 Ng5 23. Bxg5 Qxg5 24. Rc2 Bg4 25. Qc1 Qf6 26. Qe3 1/2-1/2

[Event "Paignton Premier"]
[Site "Paignton"]
[Date "2009.09.07"]
[Round "2"]
[White "Berry, Stephen H"]
[Black "Costello, Colin"]
[Result "1-0"]
[WhiteElo "2315"]
[BlackElo "2038"]
[PlyCount "59"]
[EventDate "2009.09.06"]
[EventType "swiss"]
[EventRounds "7"]
[EventCountry "ENG"]
[SourceTitle "CBM 132 Extra"]
[Source "ChessBase"]
[SourceDate "2009.11.03"]
[SourceVersion "1"]
[SourceVersionDate "2009.11.03"]
[SourceQuality "1"]

1. e4 e5 2. Nf3 Nc6 3. Bb5 Nf6 4. O-O Bc5 5. Nxe5 Nxe4 6. Qe2 Nxe5 7. d4 Qe7 8.
dxc5 Ng6 9. b4 O-O 10. Bb2 Re8 11. Nd2 b6 12. Rae1 Bb7 13. Qg4 bxc5 14. Bxd7 h5
15. Qf5 Nh4 16. Qxh5 Nxg2 17. Bxe8 Nxe1 18. Nxe4 Rxe8 19. Rxe1 Bxe4 20. f3 Qd6
21. fxe4 Qd2 22. Qe2 Qxb4 23. c4 Rd8 24. Be5 Rd2 25. Qg4 f6 26. Bxf6 Rd7 27.
Rf1 Rf7 28. Qc8+ Rf8 29. Qxf8+ Kxf8 30. Bc3+ 1-0

[Event "Paignton Premier"]
[Site "Paignton"]
[Date "2009.09.08"]
[Round "3"]
[White "Lewyk, Ihor"]
[Black "Berry, Stephen H"]
[Result "1/2-1/2"]
[WhiteElo "2123"]
[BlackElo "2315"]
[PlyCount "63"]
[EventDate "2009.09.06"]
[EventType "swiss"]
[EventRounds "7"]
[EventCountry "ENG"]
[SourceTitle "CBM 132 Extra"]
[Source "ChessBase"]
[SourceDate "2009.11.03"]
[SourceVersion "1"]
[SourceVersionDate "2009.11.03"]
[SourceQuality "1"]

1. Nf3 Nf6 2. d4 e6 3. e3 b6 4. Bd3 Bb7 5. Nbd2 c5 6. c3 d5 7. O-O Be7 8. Ne5
O-O 9. Qf3 Nbd7 10. Nxd7 Nxd7 11. Qh3 f5 12. g4 g6 13. f4 Qc8 14. Rf2 Ba6 15.
Bc2 Nf6 16. g5 Ne4 17. Nxe4 dxe4 18. b3 Qc6 19. Ba3 Rf7 20. Rd1 c4 21. Bxe7
Rxe7 22. b4 Bb5 23. Ra1 a5 24. Qf1 axb4 25. cxb4 Ra3 26. Qc1 Rea7 27. Bd1 Rd3
28. a4 Rxd1+ 29. Qxd1 Bxa4 30. Qc1 b5 31. Qc3 Qd5 32. h4 1/2-1/2

[Event "Paignton Premier"]
[Site "Paignton"]
[Date "2009.09.09"]
[Round "4"]
[White "Berry, Stephen H"]
[Black "Blore, John D"]
[Result "1-0"]
[WhiteElo "2315"]
[BlackElo "2024"]
[PlyCount "73"]
[EventDate "2009.09.06"]
[EventType "swiss"]
[EventRounds "7"]
[EventCountry "ENG"]
[SourceTitle "CBM 132 Extra"]
[Source "ChessBase"]
[SourceDate "2009.11.03"]
[SourceVersion "1"]
[SourceVersionDate "2009.11.03"]
[SourceQuality "1"]

1. c4 g6 2. Nc3 Bg7 3. g3 Nf6 4. Bg2 O-O 5. e3 c6 6. Nge2 d5 7. cxd5 cxd5 8.
O-O Nc6 9. d4 e6 10. b3 a5 11. a4 Re8 12. Ba3 Bf8 13. Bxf8 Kxf8 14. Qd2 Kg8 15.
Rac1 Qb6 16. Nb5 Rd8 17. Nf4 Nb4 18. Nd3 Nxd3 19. Qxd3 Bd7 20. Rc5 Rac8 21.
Rfc1 Rxc5 22. dxc5 Bxb5 23. axb5 Qa7 24. Qd4 Nd7 25. c6 Qxd4 26. exd4 bxc6 27.
bxc6 Nb6 28. Bf1 Ra8 29. c7 Kf8 30. Rc6 Nc8 31. Ba6 Rxa6 32. Rxa6 Ke7 33. Rxa5
Kd7 34. Rc5 Nd6 35. b4 Kc8 36. b5 Ne4 37. Rc6 1-0

[Event "Paignton Premier"]
[Site "Paignton"]
[Date "2009.09.10"]
[Round "5"]
[White "Rosen, Daniel B"]
[Black "Berry, Stephen H"]
[Result "1/2-1/2"]
[WhiteElo "2137"]
[BlackElo "2315"]
[PlyCount "93"]
[EventDate "2009.09.06"]
[EventType "swiss"]
[EventRounds "7"]
[EventCountry "ENG"]
[SourceTitle "CBM 132 Extra"]
[Source "ChessBase"]
[SourceDate "2009.11.03"]
[SourceVersion "1"]
[SourceVersionDate "2009.11.03"]
[SourceQuality "1"]

1. e4 e5 2. Nf3 Nc6 3. Bb5 a6 4. Ba4 d6 5. c3 Bd7 6. O-O Nf6 7. Re1 g6 8. d3
Bg7 9. Nbd2 O-O 10. Nf1 h6 11. h3 Nh5 12. Ng3 Nxg3 13. fxg3 Kh7 14. g4 f5 15.
exf5 gxf5 16. gxf5 Bxf5 17. Be3 Bf6 18. Rf1 Qd7 19. Kh2 Rg8 20. Ng1 Raf8 21.
Bc2 d5 22. Qe2 d4 23. Bd2 Bh4 24. g4 Bg6 25. Rxf8 Rxf8 26. Rf1 Rxf1 27. Qxf1
Qd6 28. c4 Nd8 29. Kh1 Bg5 30. Bxg5 hxg5 31. h4 gxh4 32. Qh3 Ne6 33. Qxh4+ Kg7
34. Nf3 e4 35. dxe4 d3 36. Bxd3 Qxd3 37. Qe7+ Kh8 38. Qf6+ Ng7 39. Qf8+ Kh7 40.
Ng5+ Kh6 41. Qf4 Qb1+ 42. Kg2 Qxb2+ 43. Kg3 Qc3+ 44. Kg2 Qc2+ 45. Kg3 Qc3+ 46.
Kg2 Qc2+ 47. Kg3 1/2-1/2

[Event "Paignton Premier"]
[Site "Paignton"]
[Date "2009.09.11"]
[Round "6"]
[White "Berry, Stephen H"]
[Black "Hodgson, John H"]
[Result "1-0"]
[WhiteElo "2315"]
[BlackElo "2180"]
[PlyCount "86"]
[EventDate "2009.09.06"]
[EventType "swiss"]
[EventRounds "7"]
[EventCountry "ENG"]
[SourceTitle "CBM 132 Extra"]
[Source "ChessBase"]
[SourceDate "2009.11.03"]
[SourceVersion "1"]
[SourceVersionDate "2009.11.03"]
[SourceQuality "1"]

1. c4 Nf6 2. g3 d5 3. cxd5 Nxd5 4. Bg2 c5 5. Nc3 Nc7 6. Qb3 Nc6 7. Bxc6+ bxc6
8. Qa4 Bd7 9. Nf3 f6 10. d3 e5 11. O-O Be7 12. b3 Nb5 13. Bd2 Nd4 14. Rac1 O-O
15. Nxd4 cxd4 16. Ne4 Kh8 17. Qc4 g5 18. Bb4 Bxb4 19. Qxb4 Qe8 20. Qd6 Qf7 21.
Nxf6 Bh3 22. Ne4 Bxf1 23. Qxe5+ Qg7 24. Qxg7+ Kxg7 25. Kxf1 h6 26. Rxc6 Rfc8
27. Ra6 Rc1+ 28. Kg2 Rc2 29. g4 Rxe2 30. Ng3 Rd2 31. Nf5+ Kf7 32. Nxd4 Ke7 33.
Nf5+ Kd7 34. Nxh6 Kc7 35. Nf5 Kb7 36. Ra4 Rxd3 37. h4 gxh4 38. Nxh4 Rd2 39. Kg3
Rc8 40. g5 Rcc2 41. f4 Rxa2 42. Rxa2 Rxa2 43. g6 Rc2 1-0

[Event "Paignton Premier"]
[Site "Paignton"]
[Date "2009.09.12"]
[Round "7"]
[White "Arkell, Keith C"]
[Black "Berry, Stephen H"]
[Result "1/2-1/2"]
[WhiteElo "2521"]
[BlackElo "2315"]
[PlyCount "76"]
[EventDate "2009.09.06"]
[EventType "swiss"]
[EventRounds "7"]
[EventCountry "ENG"]
[SourceTitle "CBM 132 Extra"]
[Source "ChessBase"]
[SourceDate "2009.11.03"]
[SourceVersion "1"]
[SourceVersionDate "2009.11.03"]
[SourceQuality "1"]

1. d4 Nf6 2. Nf3 e6 3. c4 Bb4+ 4. Bd2 Qe7 5. g3 Nc6 6. Nc3 Bxc3 7. Bxc3 Ne4 8.
Rc1 O-O 9. Bg2 d6 10. d5 Nxc3 11. Rxc3 Nb8 12. dxe6 fxe6 13. O-O Nd7 14. Nd4
Nf6 15. Nc2 c6 16. e4 e5 17. Ne3 Be6 18. Rd3 Rad8 19. Qd2 Rd7 20. Rd1 Rfd8 21.
b4 Ng4 22. Nxg4 Bxg4 23. Rc1 Be6 24. Qc3 h6 25. h4 a6 26. a4 b5 27. cxb5 cxb5
28. Qc6 bxa4 29. Qxa4 Rb7 30. Qxa6 Rxb4 31. Rc6 Rb1+ 32. Kh2 Rb2 33. Rcxd6 Rxd6
34. Qxd6 Qxd6 35. Rxd6 Bg4 36. Kg1 Rb4 37. Kh2 Rb2 38. Kg1 Rb1+ 1/2-1/2

[Event "Leuven op 21st"]
[Site "Leuven"]
[Date "2009.11.14"]
[Round "4"]
[White "Docx, Stefan"]
[Black "Berry, Stephen H"]
[Result "1/2-1/2"]
[WhiteElo "2358"]
[BlackElo "2314"]
[PlyCount "66"]
[EventDate "2009.11.12"]
[EventType "swiss"]
[EventRounds "7"]
[EventCountry "BEL"]
[SourceTitle "EXT 2011"]
[Source "ChessBase"]
[SourceDate "2010.11.26"]
[SourceVersion "1"]
[SourceVersionDate "2010.11.26"]
[SourceQuality "1"]

1. e4 e5 2. Nf3 Nc6 3. Bc4 Nf6 4. d3 Be7 5. O-O O-O 6. Re1 d6 7. c3 Na5 8. Bb5
a6 9. Ba4 b5 10. Bc2 c5 11. Nbd2 Qc7 12. Nf1 Be6 13. h3 Nc6 14. Ng3 Rad8 15.
Nh2 d5 16. Qf3 d4 17. Ne2 Ne8 18. g4 Nd6 19. Qg3 g5 20. Nf3 f6 21. h4 h6 22.
Kg2 Kg7 23. Rh1 Qd7 24. Nh2 Nf7 25. h5 Nd6 26. Rd1 Rc8 27. f3 Rfd8 28. Nf1 Qc7
29. Qf2 Rd7 30. Bd2 Qb7 31. Be1 Bd8 32. Qg1 Bb6 33. Bf2 Rcd8 1/2-1/2

[Event "Leuven op 21st"]
[Site "Leuven"]
[Date "2009.11.15"]
[Round "6"]
[White "Akesson, Ralf"]
[Black "Berry, Stephen H"]
[Result "0-1"]
[WhiteElo "2454"]
[BlackElo "2314"]
[PlyCount "68"]
[EventDate "2009.11.12"]
[EventType "swiss"]
[EventRounds "7"]
[EventCountry "BEL"]
[SourceTitle "EXT 2011"]
[Source "ChessBase"]
[SourceDate "2010.11.26"]
[SourceVersion "1"]
[SourceVersionDate "2010.11.26"]
[SourceQuality "1"]

1. Nf3 Nf6 2. c4 e6 3. Nc3 Bb4 4. g3 O-O 5. Bg2 d5 6. a3 Be7 7. d4 dxc4 8. Ne5
Nc6 9. Nxc6 bxc6 10. Bxc6 Rb8 11. Bg2 c5 12. dxc5 Qxd1+ 13. Kxd1 Bxc5 14. Rf1
Ng4 15. Ne4 Bd4 16. h3 Nf6 17. Nc3 Bd7 18. Kc2 e5 19. Bd2 Bf5+ 20. Kc1 Nd7 21.
e4 Be6 22. Kc2 Nc5 23. Rab1 Rb3 24. Ne2 Rfb8 25. Bc3 Bxc3 26. Nxc3 Nd3 27. Nd1
Bd7 28. f4 Ba4 29. Kd2 Nc5 30. Bf3 Rd3+ 31. Ke2 Bc2 32. Rc1 Bxd1+ 33. Rfxd1
Rxb2+ 34. Ke1 Re3+ 0-1

[Event "WECU-ch65"]
[Site "Exmouth"]
[Date "2010.04.02"]
[Round "1.1"]
[White "Berry, Stephen H"]
[Black "Saqui, David AJ"]
[Result "1-0"]
[WhiteElo "2314"]
[BlackElo "2032"]
[PlyCount "131"]
[EventDate "2010.04.02"]
[EventType "swiss"]
[EventRounds "7"]
[EventCountry "ENG"]

1. c4 e5 2. Nc3 d6 3. g3 f5 4. Bg2 Nf6 5. d3 Be7 6. e4 fxe4 7. dxe4 O-O 8. Nge2
Qe8 9. O-O Qh5 10. f3 Nc6 11. Be3 Bh3 12. Qd2 Bxg2 13. Kxg2 h6 14. Nd5 Bd8 15.
Rad1 Kh7 16. b4 Ne7 17. Nxf6+ Rxf6 18. Nc3 a5 19. b5 b6 20. a4 g5 21. Nd5 Rf8
22. Rf2 Ng8 23. Rdf1 Qg6 24. Qd3 Nf6 25. Bd2 Nxd5 26. cxd5 Bf6 27. Be3 Rac8 28.
g4 Rf7 29. Rc2 Rcf8 30. Bf2 Bd8 31. Bg3 Kg8 32. Rc3 Rh7 33. Rc6 Qe8 34. h3 h5
35. Rcc1 Rf6 36. Qe3 Qg6 37. Rh1 Rhf7 38. Rcf1 Rf8 39. Be1 Rf4 40. Qe2 R4f7 41.
Bd2 Rh7 42. Qe1 Kg7 43. Qe2 Rfh8 44. Qc4 Qf7 45. Be3 Qd7 46. Qc6 Qxc6 47. dxc6
hxg4 48. fxg4 Kg6 49. Rf3 Rf7 50. Rhf1 Rhf8 51. Rf5 Rxf5 52. Rxf5 Rh8 53. Rf1
Rg8 54. Rc1 Rg7 55. Rf1 Bf6 56. Rf3 Kf7 57. Bf2 Ke6 58. Re3 Rg8 59. Kf3 Rd8 60.
Ke2 Rb8 61. Kd2 Ke7 62. Kd3 Ke6 63. Kc4 Be7 64. Rf3 Bf6 65. Be3 Rh8 66. Bd2 {
More moves were made, but due to time trouble, were not recorded.} 1-0

[Event "WECU-ch65"]
[Site "Exmouth"]
[Date "2010.04.02"]
[Round "2.1"]
[White "De Coverly, Roger D"]
[Black "Berry, Stephen H"]
[Result "1/2-1/2"]
[WhiteElo "2116"]
[BlackElo "2314"]
[PlyCount "158"]
[EventDate "2010.04.02"]
[EventType "swiss"]
[EventRounds "7"]
[EventCountry "ENG"]

1. Nf3 d6 2. d4 Nf6 3. Nc3 Bg4 4. e4 e6 5. h3 Bh5 6. Be3 Be7 7. Qd2 d5 8. e5
Nfd7 9. Ne2 Bxf3 10. gxf3 c5 11. f4 Nc6 12. c3 g6 13. Bg2 cxd4 14. Nxd4 Nxd4
15. Bxd4 Bc5 16. O-O Rc8 17. Rac1 O-O 18. Bxc5 Rxc5 19. c4 dxc4 20. Bxb7 Qc7
21. Bg2 Nb6 22. Rfd1 Nd5 23. Bxd5 Rxd5 24. Qe3 Qd7 25. Rxd5 exd5 26. Rd1 Rd8
27. Rd4 Qe6 28. Kg2 Rd7 29. b3 Rc7 30. bxc4 Rxc4 31. Qd2 Qc6 32. Rxc4 dxc4+ 33.
f3 c3 34. Qd8+ Kg7 35. Qd4 c2 36. e6+ f6 37. Qd7+ Qxd7 38. exd7 c1=Q 39. d8=Q
Qb2+ 40. Kg3 Qxa2 41. Qe7+ Qf7 42. Qc5 Qd7 43. Qa5 Qe7 44. Qa6 Qc7 45. Kg2 h5
46. h4 Qe7 47. Qa5 Kh6 48. Qc3 Qd8 49. Qe3 Qd7 50. Qc5 Kg7 51. Qa5 Qe7 52. Qa6
Qd7 53. Qa5 Kf7 54. Qa2+ Kf8 55. Qb2 Qe6 56. Qc1 a5 57. Qc8+ Ke7 58. Qb7+ Qd7
59. Qe4+ Kf7 60. Qa8 a4 61. Qh8 Qd2+ 62. Kg3 Qe1+ 63. Kh3 Qf2 64. Qh7+ Ke6 65.
Qg8+ Kd6 66. Qb8+ Kc6 67. Qa8+ Kb5 68. Qd5+ Kb4 69. Qd6+ Kb3 70. Qe6+ Ka3 71.
Qd6+ Ka2 72. Qd5+ Kb2 73. Qb5+ Kc3 74. Qc6+ Kd2 75. Qd5+ Ke2 76. Qe4+ Kf1 77.
Qb1+ Qe1 78. Qd3+ Kg1 79. Qxg6+ Kf2 1/2-1/2

[Event "WECU-ch65"]
[Site "Exmouth"]
[Date "2010.04.03"]
[Round "3.2"]
[White "Berry, Stephen H"]
[Black "Richardson, Alex"]
[Result "1-0"]
[WhiteElo "2314"]
[BlackElo "2104"]
[PlyCount "75"]
[EventDate "2010.04.02"]
[EventType "swiss"]
[EventRounds "7"]
[EventCountry "ENG"]

1. c4 c5 2. g3 Nf6 3. Bg2 d5 4. cxd5 Nxd5 5. Nc3 Nc7 6. Qb3 Nc6 7. Bxc6+ bxc6
8. Qa4 Bd7 9. Nf3 f6 10. O-O e5 11. d3 Be7 12. b3 Nb5 13. Bd2 Nd4 14. Rac1 Qb6
15. Nxd4 cxd4 16. Ne4 O-O 17. Ba5 Qb5 18. Qxb5 cxb5 19. Rc7 Bd8 20. Rxd7 Bxa5
21. Rc1 Rfd8 22. Rxd8+ Bxd8 23. Rc5 a6 24. g4 Kf7 25. Kg2 Ra7 26. Rc6 Be7 27.
Kf3 Ke8 28. Rc8+ Kf7 29. h3 h6 30. h4 g6 31. h5 gxh5 32. gxh5 f5 33. Ng3 f4 34.
Nf5 Bf8 35. Rc6 a5 36. Nxh6+ Bxh6 37. Rxh6 Kg7 38. Re6 1-0

[Event "WECU-ch65"]
[Site "Exmouth"]
[Date "2010.04.03"]
[Round "4.1"]
[White "Dilleigh, Stephen P"]
[Black "Berry, Stephen H"]
[Result "1/2-1/2"]
[WhiteElo "2107"]
[BlackElo "2314"]
[PlyCount "36"]
[EventDate "2010.04.02"]
[EventType "swiss"]
[EventRounds "7"]
[EventCountry "ENG"]

1. d4 Nf6 2. c4 e6 3. Nc3 Bb4 4. e3 O-O 5. Bd3 d5 6. Nf3 c5 7. O-O Nc6 8. a3
Bxc3 9. bxc3 dxc4 10. Bxc4 Qc7 11. Bd3 e5 12. Qc2 Re8 13. e4 c4 14. Bxc4 exd4
15. cxd4 Na5 16. Bd3 Qxc2 17. Bxc2 Nxe4 18. Re1 Bf5 1/2-1/2

[Event "WECU-ch65"]
[Site "Exmouth"]
[Date "2010.04.04"]
[Round "5.2"]
[White "Berry, Stephen H"]
[Black "Bass, John"]
[Result "1-0"]
[WhiteElo "2314"]
[BlackElo "2041"]
[PlyCount "89"]
[EventDate "2010.04.02"]
[EventType "swiss"]
[EventRounds "7"]
[EventCountry "ENG"]

1. c4 e5 2. Nc3 Nf6 3. Nf3 Nc6 4. e4 Bb4 5. d3 O-O 6. g3 d6 7. Bg2 Ne7 8. O-O
Bxc3 9. bxc3 c6 10. Re1 Ng6 11. Qb3 Re8 12. Rb1 h6 13. Bd2 Qc7 14. h3 b6 15. a4
Be6 16. Qa3 Nd7 17. Be3 f5 18. exf5 Bxf5 19. Rbd1 Rad8 20. d4 e4 21. Nd2 d5 22.
cxd5 cxd5 23. Rc1 Nf6 24. c4 Qd7 25. Kh2 Be6 26. c5 Qe7 27. Qc3 Rc8 28. Nb3 Rc7
29. Qd2 Bc8 30. a5 b5 31. Bf4 Nxf4 32. Qxf4 Rc6 33. Kg1 Nh7 34. Qe3 Rf6 35. f4
Rf7 36. c6 Ref8 37. Rc5 Qd6 38. Nc1 Rc7 39. Ne2 Rxc6 40. Rec1 Rxc5 41. dxc5 Qc7
42. Qb3 Nf6 43. Qxb5 Bd7 44. c6 Rb8 45. cxd7 1-0

[Event "WECU-ch65"]
[Site "Exmouth"]
[Date "2010.04.04"]
[Round "6.1"]
[White "Sherwin, James T"]
[Black "Berry, Stephen H"]
[Result "1/2-1/2"]
[WhiteElo "2246"]
[BlackElo "2314"]
[PlyCount "33"]
[EventDate "2010.04.02"]
[EventType "swiss"]
[EventRounds "7"]
[EventCountry "ENG"]

1. d4 Nf6 2. c4 e6 3. Nf3 Bb4+ 4. Nbd2 b6 5. g3 Bb7 6. Bg2 O-O 7. O-O d5 8.
cxd5 exd5 9. Ne5 Be7 10. Ndf3 Ne4 11. Be3 Na6 12. Qa4 Qe8 13. Qxe8 Rfxe8 14.
Rac1 c5 15. Bh3 Bc8 16. Bg2 Bb7 17. Bh3 1/2-1/2

[Event "WECU-ch65"]
[Site "Exmouth"]
[Date "2010.04.05"]
[Round "7.1"]
[White "Berry, Stephen H"]
[Black "Pleasants, Allan J"]
[Result "1-0"]
[WhiteElo "2314"]
[BlackElo "2034"]
[PlyCount "35"]
[EventDate "2010.04.02"]
[EventType "swiss"]
[EventRounds "7"]
[EventCountry "ENG"]

1. c4 g6 2. Nc3 Bg7 3. g3 c5 4. Bg2 Nc6 5. Nf3 a6 6. O-O Rb8 7. e3 b5 8. cxb5
axb5 9. d4 c4 10. a4 b4 11. Nb5 d5 12. Nd2 Qd7 13. Bxd5 Bb7 14. Nxc4 Nf6 15.
Bg2 O-O 16. e4 Ng4 17. h3 Nf6 18. d5 1-0